00489cam a2200157 4500001001100000008004100011035001500052100002200067245009600089250001000185260004800195300002100243650001800264700002400282700002500306BUCI004624 s1965 Ag gr spa  aBUCI0046241 aPolitzer, Georges10aPsicología concreta /cGeorges Politzer ; prol. y ap. José Bleger ; tr. Evaristo Ramos. a1a ed aBuenos Aires :bJorge Alvarez Editor,c1965 a289 p. ;c20 cm.10aPsicología.1 aBleger, Jose, prol.1 aRamos, Evaristo, tr.